书目信息 |
| 题名: |
编辑的悟性
|
|
| 作者: | 郑一奇 著 | |
| 分册: | ||
| 出版信息: | 北京 首都师范大学出版社 2009 |
|
| 页数: | 250页 | |
| 开本: | 24cm | |
| 丛书名: | 书林守望丛书 | |
| 单 册: | ||
| 中图分类: | G232-53 | |
| 科图分类: | ||
| 主题词: | 编辑工作--文集 , 编辑工作 | |
| 电子资源: | ||
| ISBN: | 978-7-81119-536-1 | |
| 000 | 00865oam2 2200277 450 | |
| 001 | 3597 | |
| 005 | 20180527170624.49 | |
| 010 | @a978-7-81119-536-1@dCNY37.00 | |
| 100 | @a20091229d2009 em y0chiy50 ea | |
| 101 | 0 | @achi |
| 102 | @aCN@b110000 | |
| 105 | @aa z 000yy | |
| 200 | 1 | @a编辑的悟性@9bian ji de wu xing@f郑一奇著 |
| 210 | @a北京@c首都师范大学出版社@d2009 | |
| 215 | @a250页@c照片@d24cm | |
| 225 | 1 | @a书林守望丛书@v6 |
| 300 | @a韬奋基金会资金资助 “十一五”国家重点图书出版规划项目 | |
| 308 | @a丛书第一辑 | |
| 330 | @a本书内容包括四章:编辑悟性纵横谈、编辑悟性与破解难题、编辑的追求与境界、编辑工作与悟性修养。 | |
| 461 | 0 | @12001 @a书林守望丛书 |
| 606 | 0 | @a编辑工作@j文集 |
| 606 | 0 | @a编辑工作 |
| 690 | @aG232-53@v4 | |
| 701 | 0 | @a郑一奇@9zheng yi qi@f(1940~)@4著 |
| 801 | 0 | @aCN@b91MARC@c20130904 |
| 905 | @aMuseLib@dG232-53@e89 | |
| 编辑的悟性/郑一奇著.-北京:首都师范大学出版社,2009 |
| 250页:照片;24cm.-(书林守望丛书;6) |
| 韬奋基金会资金资助 “十一五”国家重点图书出版规划项目 |
| ISBN 978-7-81119-536-1:CNY37.00 |
| 本书内容包括四章:编辑悟性纵横谈、编辑悟性与破解难题、编辑的追求与境界、编辑工作与悟性修养。 |
| ● |
| 相关链接 |
|
|
|
|
正题名:编辑的悟性
索取号:G232-53/89
 
预约/预借
| 序号 | 登录号 | 条形码 | 馆藏地/架位号 | 状态 | 备注 |
| 1 | 1109840 | 211098408 | 第一样本阅览室/ [索取号:G232-53/89] | 在馆 | |
| 2 | 1109841 | 211098417 | 教育系资料室/ [索取号:G232-53/89] | 在馆 | |
| 3 | 1109842 | 211098426 | 教育系资料室/ [索取号:G232-53/89] | 在馆 | |
| 4 | 1109843 | 211098435 | 第四借阅区/ [索取号:G232-53/89] | 在馆 |